Top 15 Länder mit Covid-19-Todesfällen - 3. Oktober - Statistiken

Allgemein
  • Dieses Quiz wurde 12 mal gespielt
  • Das Durchschnittsergebnis liegt bei 12 aus 20
Antwortstatistiken
Land % Korrekt
Brasilien
83%
Indien
83%
Vereinigtes Königreich
83%
Vereinigte Staaten
83%
Argentinien
75%
Frankreich
75%
Spanien
75%
Mexiko
67%
Russland
67%
Italien
58%
Peru
58%
Schweden
58%
Chile
50%
Iran
50%
Belgien
42%
Kolumbien
42%
Südafrika
42%
Bolivien
33%
Ecuador
33%
Panama
17%
Keine übereinstimmenden Quizze gefunden
Verteilung der Resultate
Anzahl Personen mit jedem Resultat
Perzentil nach korrekt beantworteten Fragen
Ihre Resultats-Entwicklung
Sie haben dieses Quiz noch nicht gespielt